Регионална библиотека "Любен Каравелов" - Русе

Сянката на вятъра (Запис номер 69482)

MARC детайли
000 -Лидер
Контролно поле с фиксирана дължина 01393nam a2200337 c 4500
003 - Код на организацията, давaща контролен номер
Контролно поле BLK
005 - Дата и час на последна редакция
Контролно поле 20250723172356.0
008 - Елементи от данни с фиксирана дължина
fixed length control field 180408b bul|||||r ||||||| ||bul||
010 ## - Наследен системен номер
LC control number KNG00073829000
020 ## - Международен стандартен номер на книга ISBN
Международен стандартен номер на книга ISBN 978-954-321-309-2
-- издат.: Изток-Запад
040 ## - Източник на каталожния запис
Идентификатор на билиотеката - собственик на записа BLK
041 ## - Код за език
Код за езика на текст/звукозапис или на отделно заглавие Български
Код за езика КДБФ Български
080 ## - УДК
Текстов определител УДК Испанска литература
УДК код - определител по УДК 821.134.2
УДК определител -31
УДК - код + определител 821.134.2-31
100 1# - Редна дума - Автор
Автор Руис Сафон, Карлос
Авторска отговорност първи автор
R(LIN) 277638
139 ## - Редно поле
Редна дума Руис Сафон, Карлос
Авторски знак Руд - Р 91
245 10 - Сведения за заглавието
Заглавие Сянката на вятъра
Подзаглавни данни Роман
Редно поле (дума) Карлос Руис Сафон; прев. от исп. Светла Христова.
257 ## - Страна на издаване
Страна на създаване/издаване Испания
260 ## - Област на издателските данни
-- София
Име на издателя, разпространителя и проч. Изток-Запад
Година на издаване 2007
300 ## - Физическа характеристика
Страници 458 с.
Размери/Мащаб 22 см
380 ## - Жанр
Жанр Худож. лит.
490 1# - СЕРИИ (Колекции)
Име на серия Бестселърите на ХХІ век
500 ## - Общи забележки
Забележка Ориг. загл. La sombra del viento / Carlos Ruiz Zafon. - Офс. изд. Кн. 1 от цъкъла Гробището на забравените книги.
653 ## - Ключова дума – ненормативна
Ключова дума романи
700 1# - Други автори (авторска отговорност)
Лично име Христова, Светла
Автороска отговорност (Описва отношението между автора и произведението) прев. от исп.
9 (RLIN) 364864
852 ## - Местоположение
Форматна сигнатура Цб 233012
856 4# - Електронен адрес и достъп
Електронен формат pdf - файл
Път до файла /url/
856 4# - Електронен адрес и достъп
Електронен формат pdf - файл
Път до файла /url/
942 ## - АРТИКУЛИ
Вид на библиотечния материал Книги
Скрит в OPAC Не
Koha issues (borrowed), all copies 58
944 ## - СЪЗДАВАНЕ И РЕДАКЦИЯ на ЗАПИСА
Създаване/Редакция Създаване
Дата на регистрацията/редакция 05.04.2007
Служител, извършил регистрацията/редакцията 30530
Статус, дата на статуса Минев Младен
944 ## - СЪЗДАВАНЕ И РЕДАКЦИЯ на ЗАПИСА
Създаване/Редакция Редакция
Дата на регистрацията/редакция 17.12.2017
Служител, извършил регистрацията/редакцията Виолета_Тройчева
999 ## - СИСТЕМНИ КОНТРОЛНИ НОМЕРА
Koha biblionumber 69482
Koha biblioitemnumber 69482
Наличности
Код за отписване Код за изгубен артикул Източник на класификационната схема Код за повреда Коз за рестрикции Код за отдаване Артикулен № Име на библиотеката - собственик Име на библиотеката, в която се намира в момента Статус (Текущо местоположение) Дата на вписване в системата Местоположение - отдел Цена в лева Инвентарен номер Систематично азбучна сигнатура Баркод Номер на екземпляра Цена в евро Служебна бележка Служебен тип на артикула
Изтеглен Не е изгубен Universal Decimal Classification Не е повреден без рестрикции заемане за дома 113982 Регионална библиотека "Любен Каравелов" Русе Регионална библиотека "Любен Каравелов" Русе Заемна - подръчен фонд 2007-04-05 Заемна - подръчен фонд 17.00 120000712122 П 860-31/Р 91 120000712122 1 8.69 Дост: Pk Вид: Ф N: 3180 Дата: 04.04.2007 Дата инв: 09.02.2018 Бележки инв: П2018 Книги
  Не е изгубен Universal Decimal Classification Не е повреден без рестрикции заемане за дома 113983 Регионална библиотека "Любен Каравелов" Русе Регионална библиотека "Любен Каравелов" Русе Заемна - подръчен фонд 2007-05-22 Заемна - подръчен фонд 17.00 120000713816 П 821-31/Р 91 120000713816 2 8.69 Дост: Pk Вид: Ф N: 4376 Дата: 08.05.2007 Дата инв: 09.02.2018 Бележки инв: П2018 Книги
  Не е изгубен   Не е повреден без рестрикции ползва се в читалня 113984 Регионална библиотека "Любен Каравелов" Русе Регионална библиотека "Любен Каравелов" Русе Хранилище 2007-11-27 Хранилище 17.00 120000720398 Цб 233012 120000720398 3 8.69 Дост: Dp Вид: Д N: 35 Дата: 09.08.2007 Книги
Vip Innovations Ltd, Rousse, Bulgaria 2025